000 00821nam a2200265 i 4500
001 66730
003 ES-MaACL
005 20230906165813.0
007 t|
008 030513s2003 sp ||||0| spa d
020 _a84-95894-46-7
040 _aM-BN
_bspa
_cM-BN
080 _a929 Francisco de Borja, Santo (0:82)
080 _a821.134.2-31"19"
100 1 _aLamet, Pedro Miguel.
_969846
245 1 0 _aBorja, los enigmas del duque /
_cPedro Miguel Lamet.
250 _a1ª ed.
260 _aBarcelona :
_bBelacqua,
_c2003.
300 _a374, [5] p. :
_bgráf. ;
_c23 cm.
490 1 _aColección Novela histórica ;
_v6
600 0 4 _aFrancisco de Borja
_cSanto-
_vNovelas.
_952192
830 0 _aColección Novela histórica ;
_v6
_9191425
852 _aES-MaACL
_jL-27228
_bR.132812
999 _c66730
_d66730